000 00639pam a2200205 a 4500
020 _a0898746264
040 _cDLC
082 0 0 _a639 KRI 1970 A049 Or.
100 1 _aBennett, George W.
245 1 0 _aManagement of lakes and ponds /
250 _a2nd ed.
260 _aMalabar, Fla. :
_bR.E. Krieger Pub. Co.,
_c1983, c1970.
300 _axx, 375 p. :
_bill. ;
_c24 cm.
500 _aReprint. Originally published: New York : Van Nostrand Reinhold, 1971.
500 _aRev. ed. of: Management of artificial lakes and ponds. 1962.
650 0 _aFish-culture.
650 0 _aFishery management.
650 0 _aFish ponds.
942 _cEK
999 _c14117
_d14117